British standard glossary of terms for procedures for setting out measurement and surveying in building construction (including guidance notes). [ISO title: building construction - procedures for setting out, measurement and surveying - vocabulary and guidance notes]. (Record no. 86608)

MARC details
000 -LEADER
fixed length control field 00743cam a2200193 4500
008 - FIXED-LENGTH DATA ELEMENTS--GENERAL INFORMATION
fixed length control field 090401t1988 xxu||||| |||| 00| 0 eng d
020 ## - INTERNATIONAL STANDARD BOOK NUMBER
International Standard Book Number 0580165949
035 ## - SYSTEM CONTROL NUMBER
System control number (Sirsi) u9149
041 ## - LANGUAGE CODE
Language code of text/sound track or separate title eng
110 ## - MAIN ENTRY--CORPORATE NAME
Corporate name or jurisdiction name as entry element British Standards Institution
9 (RLIN) 130
245 ## - TITLE STATEMENT
Title British standard glossary of terms for procedures for setting out measurement and surveying in building construction (including guidance notes). [ISO title: building construction - procedures for setting out, measurement and surveying - vocabulary and guidance notes].
260 ## - PUBLICATION, DISTRIBUTION, ETC.
Place of publication, distribution, etc. London
Name of publisher, distributor, etc. British Standards Institution
Date of publication, distribution, etc. 1988
300 ## - PHYSICAL DESCRIPTION
Extent 24p. : ill. ; 30cm.
350 ## - PRICE (NR) (BK AM CF MU VM SE) [OBSOLETE]
Price 0
490 ## - SERIES STATEMENT
Series statement BS
Volume/sequential designation 6953: 1988
490 ## - SERIES STATEMENT
Series statement ISO
Volume/sequential designation 7078: 1985
942 ## - ADDED ENTRY ELEMENTS (KOHA)
Suppress in OPAC 0
948 ## - LOCAL PROCESSING INFORMATION (OCLC); SERIES PART DESIGNATOR (RLIN)
c (OCLC) 04/03/1997
Holdings
Withdrawn status Lost status Source of classification or shelving scheme Damaged status Not for loan Home library Current library Shelving location Date acquired Total Checkouts Full call number Barcode Date last seen Date last checked out Copy number Price effective from Koha item type
    Dewey Decimal Classification     London London Basement 23/06/1992 3 BASEMENT 30034026 06/08/2019 08/07/2003 1 06/08/2019 Book